Survey of operating systems / (Record no. 2244)
[ view plain ]
| 000 -LEADER | |
|---|---|
| fixed length control field | 01050nac a22002291u 4500 |
| 008 - FIXED-LENGTH DATA ELEMENTS--GENERAL INFORMATION | |
| fixed length control field | 100907s2006 xxu||||| |||| 00| 0 eng d |
| 010 ## - LIBRARY OF CONGRESS CONTROL NUMBER | |
| LC control number | 2005041558 |
| 020 ## - INTERNATIONAL STANDARD BOOK NUMBER | |
| International Standard Book Number | 0072257733 (alk. paper) |
| 082 00 - DEWEY DECIMAL CLASSIFICATION NUMBER | |
| Classification number | 005.446 |
| Item number | HOL |
| Edition number | 22 |
| 100 ## - MAIN ENTRY--PERSONAL NAME | |
| Personal name | Holcombe, Jane. |
| 9 (RLIN) | 18490 |
| 245 10 - TITLE STATEMENT | |
| Title | Survey of operating systems / |
| Statement of responsibility, etc | Jane Holcombe and Charles Holcombe. |
| 250 ## - EDITION STATEMENT | |
| Edition statement | 2nd ed. |
| 260 ## - PUBLICATION, DISTRIBUTION, ETC. (IMPRINT) | |
| Place of publication, distribution, etc | Boston : |
| Name of publisher, distributor, etc | McGraw-Hill Higher Education,2006 |
| Date of publication, distribution, etc | 2006. |
| 300 ## - PHYSICAL DESCRIPTION | |
| Extent | xvi, 682 p. : |
| Other physical details | col. ill. ; |
| Dimensions | 29 cm. |
| 440 #0 - | |
| -- | Mike Meyers' computer skills |
| -- | 18491 |
| 650 #0 - SUBJECT ADDED ENTRY--TOPICAL TERM | |
| Topical term or geographic name as entry element | Operating systems (Computers) |
| 9 (RLIN) | 18492 |
| 700 1# - ADDED ENTRY--PERSONAL NAME | |
| Personal name | Holcombe, Charles. |
| 9 (RLIN) | 18493 |
| 856 42 - ELECTRONIC LOCATION AND ACCESS | |
| Materials specified | Publisher description |
| Uniform Resource Identifier | <a href="http://www.loc.gov/catdir/enhancements/fy0623/2005041558-d.html">http://www.loc.gov/catdir/enhancements/fy0623/2005041558-d.html</a> |
| 856 42 - ELECTRONIC LOCATION AND ACCESS | |
| Materials specified | Table of contents only |
| Uniform Resource Identifier | <a href="http://www.loc.gov/catdir/enhancements/fy0623/2005041558-t.html">http://www.loc.gov/catdir/enhancements/fy0623/2005041558-t.html</a> |
| 942 ## - ADDED ENTRY ELEMENTS (KOHA) | |
| Item type | Book - Borrowing |
| Call number prefix | 005.446H699 |
| Source of classification or shelving scheme | Dewey Decimal Classification |
| Withdrawn status | Item status | Source of classification or shelving scheme | Damaged status | Not for loan | Vendor | Home library | Current library | Shelving location | Date acquired | Source of acquisition | Total Checkouts | Full call number | Barcode | Date last seen | Cost, replacement price | Koha item type |
|---|---|---|---|---|---|---|---|---|---|---|---|---|---|---|---|---|
| Dewey Decimal Classification | Central Library | Central Library | Lower Floor | 07/02/2014 | 005.446 HOL | 000002195 | 15/07/2025 | 515.00 | Book - Borrowing | |||||||
| Central Library | Central Library | Lower Floor | 14/02/2007 | Purchase | 005.446 HOL | 000006042 | 15/07/2025 | Book - Borrowing | ||||||||
| Central Library | Central Library | Lower Floor | 14/02/2007 | Purchase | 005.446 HOL | 000006043 | 15/07/2025 | NB - Book (Non borrowing) |